Consultation on revised guidance for the Unfair Terms in Consumer Contracts Regulations 1999 (Record no. 106899)
[ view plain ]
| 000 -LEADER | |
|---|---|
| fixed length control field | 01314cam a22002175a 4500 |
| 001 - CONTROL NUMBER | |
| control field | L137761 |
| 008 - FIXED-LENGTH DATA ELEMENTS--GENERAL INFORMATION | |
| fixed length control field | 070427s2007 xxk f 000 0 eng d |
| 035 ## - SYSTEM CONTROL NUMBER | |
| System control number | (Sirsi) u137761 |
| 041 0# - LANGUAGE CODE | |
| Language code of text/sound track or separate title | eng |
| 110 2# - MAIN ENTRY--CORPORATE NAME | |
| Corporate name or jurisdiction name as entry element | Office of Fair Trading |
| 9 (RLIN) | 1355 |
| 245 00 - TITLE STATEMENT | |
| Title | Consultation on revised guidance for the Unfair Terms in Consumer Contracts Regulations 1999 |
| Medium | [electronic resource] |
| 260 ## - PUBLICATION, DISTRIBUTION, ETC. | |
| Date of publication, distribution, etc. | 2007 |
| 490 #0 - SERIES STATEMENT | |
| Series statement | ENTERPRISE ACT 2002 |
| 490 #0 - SERIES STATEMENT | |
| Series statement | UNFAIR TERMS IN CONSUMER CONTRACTS REGULATIONS 1999 |
| 520 ## - SUMMARY, ETC. | |
| Summary, etc. | Consultation document concerns an analysis of unfair terms, the exclusion and limitation clauses, retention of payment on consumer cancellation, financial penalties, cancellation clauses, supplier's right to cancel without notice, excessive notice periods for consumer cancellation, supplier's rights to vary terms generally, right to change what is supplied, price variation clauses, supplier's right of final decision, entire agreement and formality clauses, supplier's right to assign without consent, and an analysis of other terms considered potentially unfair and terms breaching regulation. |
| 590 ## - LOCAL NOTE (RLIN) | |
| Local note | KA |
| 651 #4 - SUBJECT ADDED ENTRY--GEOGRAPHIC NAME | |
| Geographic name | England and Wales |
| Chronological subdivision | 1543- |
| 690 ## - LOCAL SUBJECT ADDED ENTRY--TOPICAL TERM (OCLC, RLIN) | |
| Topical term or geographic name as entry element | MANAGEMENT-BUSINESS MANAGEMENT |
| 856 40 - ELECTRONIC LOCATION AND ACCESS | |
| Uniform Resource Identifier | <a href="https://www.oft.gov.uk/">https://www.oft.gov.uk/</a> |
| Public note | View the item free of charge at www.oft.gov.uk... |
| 942 ## - ADDED ENTRY ELEMENTS (KOHA) | |
| Suppress in OPAC | 0 |
| Withdrawn status | Lost status | Source of classification or shelving scheme | Damaged status | Not for loan | Home library | Current library | Shelving location | Date acquired | Total Checkouts | Full call number | Barcode | Date last seen | Copy number | Price effective from | Koha item type |
|---|---|---|---|---|---|---|---|---|---|---|---|---|---|---|---|
| Dewey Decimal Classification | Virtual | Virtual | Online | 27/04/2007 | ONLINE PUBLICATION | 137761-2001 | 06/08/2019 | 1 | 06/08/2019 | Book |